=LDR 00000nam 2200000 4500 =001 INLIS000000000049034 =005 20170118152316.0 =006 =007 =008 =020 ##$$a 978-979-29-4434-1 =035 ##$$0010-011700000000315 =040 ##$$a NBPDMAT =082 ##$$a 650.1 =090 ##$$a 650.1 Sup c =100 ##$$a Supriyadi Amir =245 ##$$a Cara mudah membeli rumah idaman untuk pasangan muda $c Supriyadi Amir ; editor Theresia Arie P. =260 ##$$a Yogyakarta $b Andi $c 2014 =300 ##$$a vi, 178 hlm. $c 23 cm. =500 ##$$a Bibliografi : hlm. 175 Biografi : hlm. 177 - 178 =650 ##$$a Sukses - Bisnis =700 ##$$a Theresia Arie P. =850 ##$$a NBPDMAT